Globalization and inequality: issues of conceptualization and of explanation /

Salvato in:
Dettagli Bibliografici
Autore principale: Therborn, Göran
Natura: testo
Soggetti:
Tags: Aggiungi Tag
Nessun Tag, puoi essere il primo ad aggiungerne!!

MARC

LEADER 00000 a a2200000 04500
001 18326
003
040
100 |a Therborn, Göran  
245 |a Globalization and inequality:   |b issues of conceptualization and of explanation /  |c Göran Therborn 
650 |a GLOBALIZACION  
650 |a DESIGUALDAD SOCIAL  
650 |a TEORIA SOCIAL  
773 |g volumen 10, número 2 Edició; páginas 15-57  
999 |c 26931  |d 26931